| 000 | 00492nam a22001937a 4500 | ||
|---|---|---|---|
| 999 |
_c7645 _d7645 |
||
| 003 | GBCCL | ||
| 005 | 20241126110633.0 | ||
| 008 | 180906b ||||| |||| 00| 0 eng d | ||
| 020 | _a0830700803 | ||
| 020 | _a9780830700806 | ||
| 040 | _cGBC | ||
| 082 |
_a248 _bGIL |
||
| 100 |
_aGill, Donald H. _913482 |
||
| 245 | _aLive, Christian, live! | ||
| 260 |
_c[1970] _aGlendale, Calif., _bG/L Regal Books |
||
| 300 | _a163 pages 18 cm | ||
| 650 |
_aChristian life. _9183 |
||
| 942 |
_2ddc _cBK _02 |
||